| 000 | 01033nam0a2200289 4500 | ||
|---|---|---|---|
| 001 | RU\NLR\ONL2\2926 | ||
| 005 | 20250613124750.0 | ||
| 035 | _a(NLR Aleph) 009650527 | ||
| 090 |
_a9572731 _c9572731 |
||
| 100 | _a20050303d1848 |||y0rusy50 ca | ||
| 101 | 0 | _aale | |
| 102 | _aRU | ||
| 105 | _ay ||||||||| | ||
| 200 | 1 |
_aМатуиямык тансижкак ажишкак-кулыяк _fна алеут.-кадьякс. пер. И. Тыжнов |
|
| 210 |
_aСПб. _cСинод. тип. _d1848 |
||
| 215 |
_a[2],270 с. старослав. паг. _d23 |
||
| 541 | 1 |
_aОт Матфея святое благовествование _zrus |
|
| 605 |
_aБиблия _iНовый Завет _iЕвангелие от Матфея _92115270 _3RU\NLR\auth\661277936 |
||
| 686 | 1 | _aЭ37-22 | |
| 801 | 0 |
_aRU _bNLR _c20050303 _gPSBO |
|
| 852 |
_aNLR _bОНЛ _jАлеут./3-2 |
||
| 852 |
_aNLR _bОНЛ _jАлеут./3-2 |
||
| 942 | _cBOOK | ||
| 980 | _aNB | ||
| 980 | _aONL_RF | ||